| 000 | 00905nam a2200241 a 4500 | ||
|---|---|---|---|
| 003 | BD-DhJNU | ||
| 005 | 20260115065422.0 | ||
| 008 | 251108s2014 bg |||g |||| 000 1|ben|d | ||
| 020 | _a9789849070511 | ||
| 040 |
_aBD-DhJNU _bben _cBD-DhJNU _dBD-DhJNU |
||
| 041 | _aben | ||
| 082 |
_a370.1 KHD _223 |
||
| 100 | _aখাতুন, শরিফা | ||
| 245 | 1 | 0 |
_aদর্শন ও শিক্ষা / _cশরিফা খাতুন |
| 246 | _aDorshon o Shikkha | ||
| 250 | _a1st ed. | ||
| 260 |
_aঢাকা : _bমাওলা ব্রাদার্স, _c2014. |
||
| 300 |
_a২১৫ পৃ. : _bচিত্র ; _c২২ সেমি.। |
||
| 504 | _aগ্রন্থপঞ্জিগত নির্দেশিকা ও নিঘন্ট অন্তভূক্ত | ||
| 650 | _aদর্শন ও শিক্ষা | ||
| 650 | _aEducational thought | ||
| 942 | _cBK | ||
| 999 |
_c2535 _d2535 |
||